01675nam a22003257i 4500003000400000005001700004008004100021020001800062040001500080041001300095082001700108100003600125245022800161246001800389250002200407260007300429300005600502500047000558650002101028650002501049650002401074650002301098700003401121700002801155700003501183700002601218700003801244700003301282700003401315OSt20251210165522.0251210e2015 mx|o|||grc||| 001 0 spa d a9786070251757 bspacLADOV1 aspaaeng04a707.4bL925p1 aLozano Hemmer, Rafael eartista10aPseudomatismos = bPseudomatisms / cRafael Lozano Hemmer ; textos de José Luis Barrios, Kathleen Forde, Alejandra Labastida, Scott McQuire y Jaime Urrutia Fucugauchi ; traducción de Elizabeth Coles y Omegar Martínez.11aPseudomatisms aPrimera edición aMéxico : bMUAC, Museo Universitario Arte Contemporáneo, c2015. a255 páginas : bfotografías a color ; c27.5 cm aPublicado con motivo de la exposición Rafael Lozano-Hemmer: Pseudomatismos (29 de octubre de 2015 al 27 de marzo de 2016) MUAC, Museo Universitario Arte Contemporáneo. UNAM, Universidad Nacional Autónoma de México, México D.F. — Published on occasion of the exhibition Rafael Lozano-Hemmer: Pseudomatisms (October 29, 2015 to March 27, 2016) MUAC, Museo Universitario Arte Contemporáneo. UNAM, Universidad Nacional Autónoma de México, Mexico City.04aArtevexhiciones04aArte contemporáneo04aArtevinstalaciones04aArtevfotografía1 aLuis Barrios, José eautor1 aForde, Kathleeneautora1 aLabastida, Alejandra eautora1 aMcQuire, Scotteautor1 aUrrutia Fucugauchi, Jaime eautor1 aColes, Elizabethetraductora1 aMartínez, Omegaretraductor